Estudio de pre factibilidad de empresa procesadora de pastas alimenticias en la Estudio de pre factibilidad de empresa procesadora de pastas alimenticias en la

El propósito del presente trabajo es la realización de un estudio de pre-factibilidad para crear una empresa nacional con este giro en la ciudad de Managua. Con esto se pretende disminuir las importaciones, dándole dinamismo al sector económico de las pastas alimenticias, generando para la pobla...

Full description

Bibliographic Details
Main Authors: Paiz Cruz, Anthonny Josué, Galán Somarriba, Larry Armando, Vindel Zeledón, Osmar Ariel
Other Authors: Tutor: Caldero Alfaro, Mario José
Format: Tesis Section = Libro
Language:Undetermined
Spanish
Published: Managua UNI 2020
Subjects:
LEADER 01464nam a2200289Ia 4500
008 240830s9999 xx 000 0 und d
040 |a BIBLIOTECA-RUPAP Mon 005.74 P149 
041 |a spa 
082 |a Mon 005.74 P149 
100 1 |a Paiz Cruz, Anthonny Josué 
100 1 |b  Galán Somarriba, Larry Armando 
100 1 |c Vindel Zeledón, Osmar Ariel 
245 1 0 |a Estudio de pre factibilidad de empresa procesadora de pastas alimenticias en la Estudio de pre factibilidad de empresa procesadora de pastas alimenticias en la 
260 |a Managua  |b UNI  |c 2020 
300 |a 158 p. :il. 
500 |a Contiene: anexos y CD. 
502 |a Tesis (Ingeniero de Sistemas)- UNI, 2020. 
520 3 |a El propósito del presente trabajo es la realización de un estudio de pre-factibilidad para crear una empresa nacional con este giro en la ciudad de Managua. Con esto se pretende disminuir las importaciones, dándole dinamismo al sector económico de las pastas alimenticias, generando para la población ofertas de empleo, ingresos al municipio y sobre todo recuperar un valor agregado a la materia prima nacional con que se elabora este alimento. 
650 7 |a ESTUDIO DE MERCADO 
650 7 |b ESTUDIO DE FACTIBILIDAD 
650 7 |c ESTUDIO AMBIENTAL 
650 7 |d EVALUACION FINANCIERA 
650 7 |e PLPLANTA PROCESADORA DE PASTA ALIMENTICIA-PROYECTOS 
700 1 |a Tutor:  |b Caldero Alfaro, Mario José 
942 |c BK  |2 ddc 
991 |a TESIS 
999 |c 15347